| 000 | 00362 a2200169 4500 | ||
|---|---|---|---|
| 001 | 195436 | ||
| 020 | _a978-85-69815-24-2 | ||
| 040 | _cMagnum | ||
| 100 | _aStarling, Iriam Gomes | ||
| 240 | 1 | 0 |
_aEsconde-esconde _lpor |
| 245 | 1 | 0 | _aEsconde-esconde |
| 300 | _a24 | ||
| 362 | 0 | _a2019 | |
| 440 | 1 | _aEis editora | |
| 697 | _aLITERATURA INFANTO | ||
| 942 | _cBK | ||
| 999 |
_c195436 _d195436 |
||